[Event "CHN Team Men 2016"]
[Site "Wuxi CHN"]
[Date "2016.08.04"]
[Round "9.1"]
[White "Wei Yi"]
[Black "Wan Yunguo"]
[Result "1-0"]
[WhiteElo "2696"]
[BlackElo "2481"]

1.d4 Nf6 2.c4 e6 3.Nc3 Bb4 4.Nf3 O-O 5.Bg5 d5 6.cxd5 exd5 7.e3 c5 8.dxc5 Nbd7
9.Rc1 Qa5 10.a3 Bxc3+ 11.Rxc3 Ne4 12.b4 Nxc3 13.Qa1 Qa4 14.Qxc3 a5 15.b5 Nxc5
16.Qxc5 Bf5 17.Qc3 Rac8 18.Qa1 Rc2 19.Nd4 Rfc8 20.Nxc2 Rxc2 21.Be2 Qb3 22.Bd1 Bd3
23.e4 Bxb5 24.Qe5 h6 25.Qxd5 Qb1 26.Bd2 Ra2 27.f3 Qb2 28.Bb3 Ra1+ 29.Kf2 Rxh1
30.Qxf7+ Kh7 31.Qf5+ g6 32.Qd5  1-0

[Event "ch-CHN Rapid 2016"]
[Site "Shenzhen CHN"]
[Date "2016.08.24"]
[Round "1.5"]
[White "Wei Yi"]
[Black "Guo Yu"]
[Result "1-0"]
[WhiteElo "2709"]
[BlackElo "2407"]

1.e4 e5 2.Nf3 Nc6 3.Nc3 Nf6 4.Bb5 Bd6 5.d3 h6 6.a3 a6 7.Ba4 O-O 8.g4 Bc5
9.h3 d5 10.g5 hxg5 11.Bxg5 dxe4 12.Nxe4 Be7 13.Bxf6 Bxf6 14.Rg1 Bf5 15.Bxc6 bxc6
16.Qe2 Re8 17.O-O-O Rb8 18.Nfd2 Re6 19.Qf3 Bg6 20.Nc4 Be7 21.Qg3 Bh4 22.Qf3 Qe7
23.Ne3 Rf8 24.Nf5 Bxf5 25.Qxf5 g6 26.Qf3 f5 27.Nc3 e4 28.Qh5 Kg7 29.dxe4 Bxf2
30.Rg2 Be3+ 31.Kb1 f4 32.Qf3 Rb8 33.Ka1 Kh6 34.Qg4 Qf6 35.Qf3 c5 36.Na4 Reb6
37.Nxb6 Rxb6 38.c3 Rd6 39.Rxd6 cxd6 40.Kb1 c4 41.Re2 Qg5 42.Rg2 Qe5 43.Re2 Qg5
44.Ka2 a5 45.Rg2 Qh5 46.Rg4 a4 47.Qg2 Kh7 48.Qf3 Qe5 49.h4 Qh5 50.Qh3 Qb5
51.Kb1 Qe5 52.Qg2 Qh5 53.Ka2 Qb5 54.Ka1 Qh5 55.Ka2 Qb5 56.Qf3 Qh5 57.Rxf4 Bxf4
58.Qxf4 Qe5 59.Qf7+ Kh6 60.Qxc4 Kh5 61.Qxa4 Kxh4 62.Qd1 g5 63.Qh1+ Kg3 64.a4 g4
65.Qg1+ Kf3 66.Qd1+ Kf4 67.Qf1+ Kxe4 68.Qg2+ Ke3 69.Qxg4 Qd5+ 70.Ka3 Qc5+
71.Qb4  1-0

[Event "ch-CHN Rapid 2016"]
[Site "Shenzhen CHN"]
[Date "2016.08.24"]
[Round "2.4"]
[White "Liu,Yan"]
[Black "Wei Yi"]
[Result "1/2-1/2"]
[WhiteElo "2413"]
[BlackElo "2709"]

1.Nf3 d5 2.d4 Nf6 3.c4 e6 4.Nc3 c6 5.e3 Nbd7 6.Qc2 Bd6 7.Bd3 O-O 8.O-O dxc4
9.Bxc4 b5 10.Be2 Bb7 11.Rd1 Qb8 12.h3 a6 13.e4 e5 14.dxe5 Nxe5 15.Bg5 Nxf3+
16.Bxf3 Bh2+ 17.Kh1 Be5 18.Be3 Qc7 19.Rac1 Rac8 20.b4 Rfe8 21.Ne2 a5 22.a3 axb4
23.axb4 Bd6 24.Nd4 Bf4 25.Bxf4 Qxf4 26.Nf5 Rcd8 27.Rxd8 Rxd8 28.Rd1 Rxd1+
29.Qxd1 Qc7 30.Qd4 Bc8 31.e5 Bxf5 32.exf6 gxf6 33.Qxf6 Qf4 34.Qxc6 Qxb4 35.Qe8+ Qf8
36.Qxb5 Qc8 37.Qe5 Qe6 38.Qg3+ Qg6 39.Qb8+ Kg7 40.Kh2 Qe6 41.Qf4 Bg6 42.g4 Qf6
43.Kg3 Qxf4+ 44.Kxf4 f6 45.Be4 Be8 46.Ke3 h6 47.Kd4 Bb5 48.Bg2 Kg6 49.f4 Kf7
50.Kc5 Be2 51.Kd6 f5 52.Ke5 fxg4 53.hxg4 Bxg4 54.f5 Bxf5 55.Kxf5 h5 56.Ke4  1/2-1/2

[Event "ch-CHN Rapid 2016"]
[Site "Shenzhen CHN"]
[Date "2016.08.24"]
[Round "3.4"]
[White "Wei Yi"]
[Black "Xu,Yinglun"]
[Result "0-1"]
[WhiteElo "2709"]
[BlackElo "2516"]

1.e4 c5 2.Nf3 d6 3.d4 cxd4 4.Nxd4 Nf6 5.Nc3 a6 6.g3 e6 7.Bg2 Qc7 8.O-O Nc6
9.a4 Be7 10.Be3 O-O 11.f4 Rb8 12.Kh1 Nd7 13.Qe2 Nxd4 14.Bxd4 b6 15.Rad1 Bb7
16.f5 Bf6 17.Bxf6 Nxf6 18.g4 exf5 19.Rxf5 Rbe8 20.g5 Nd7 21.Qd2 Re6 22.Nd5 Qd8
23.Nf4 Rxe4 24.Qxd6 Qe8 25.h3 g6 26.Qxd7 gxf5 27.Qxe8 Rfxe8 28.Bxe4 Rxe4
29.Rd8+ Re8+  0-1

[Event "ch-CHN Rapid 2016"]
[Site "Shenzhen CHN"]
[Date "2016.08.24"]
[Round "4.7"]
[White "Shi,Kecheng"]
[Black "Wei Yi"]
[Result "0-1"]
[WhiteElo "2192"]
[BlackElo "2709"]

1.d4 Nf6 2.Nf3 c5 3.c3 e6 4.e3 Nc6 5.Bd3 d5 6.Nbd2 Bd6 7.O-O O-O 8.dxc5 Bxc5
9.e4 Qc7 10.exd5 Nxd5 11.Ne4 Be7 12.Bg5 f6 13.Bh4 Rd8 14.Bg3 e5 15.Qc2 Be6
16.Rfe1 Rac8 17.Ned2 g6 18.Bxg6 hxg6 19.Qxg6+ Kf8 20.Qh6+ Kf7 21.Qh5+ Kg7
22.Nxe5 fxe5 23.Rxe5 Qd7 24.c4 Nxe5 25.cxd5 Ng6 26.Be5+ Nxe5 27.Qxe5+ Bf6
28.Qg3+ Kh8 29.dxe6 Qxd2  0-1

[Event "ch-CHN Rapid 2016"]
[Site "Shenzhen CHN"]
[Date "2016.08.24"]
[Round "5.5"]
[White "Wei Yi"]
[Black "Bai,Jinshi"]
[Result "1-0"]
[WhiteElo "2709"]
[BlackElo "2537"]

1.e4 c5 2.Nc3 e6 3.Nf3 Nc6 4.d4 cxd4 5.Nxd4 Qc7 6.Be3 a6 7.Qd2 Nf6 8.O-O-O Bb4
9.f3 Ne7 10.Nde2 b5 11.Kb1 Ba5 12.Bf4 e5 13.Bg5 h5 14.Qd3 Bb7 15.Bxf6 gxf6
16.h4 O-O-O 17.Nd5 Nxd5 18.exd5 Qc4 19.Qxc4+ bxc4 20.Ng3 c3 21.Ne4 Kc7 22.Nxc3 Bxc3
23.bxc3 f5 24.c4 Kd6 25.Kb2 Kc5 26.Kc3 f4 27.Rb1 Ba8 28.Bd3 Rhg8 29.Rb3 Rb8
30.Rhb1 Rxb3+ 31.Rxb3 Kd6 32.Rb6+ Kc7 33.Rxa6 Bb7 34.Rh6 Rxg2 35.Rxh5 f6
36.Rf5 Rh2 37.Rxf6 Rxh4 38.Be4 Rh1 39.c5 Rd1 40.c6 dxc6 41.dxc6 Bc8 42.Rf7+ Kd6
43.Rf8 Kc7 44.Re8 Ra1 45.Kb2 Re1 46.Rxe5 Bh3 47.Re7+ Kd6 48.Rf7 Ke5 49.c7 Kd6
50.Bb7 Re8 51.c8=Q Bxc8 52.Bxc8 Rxc8 53.Rxf4 Ke5 54.Re4+ Kd5 55.Re3 Rf8 56.Rb3 Rf4
57.Kc1 Ke5 58.Kd2 Rd4+ 59.Rd3 Rc4 60.Kc1 Rb4 61.a3 Ra4 62.Kb2 Ra8 63.Rb3 Kf4
64.Rc3 Rb8+ 65.Kc1 Ra8 66.Kd2 Ra7 67.Ke2 Ra4 68.Rb3 Ke5 69.Ke3 Rc4 70.Kd2 Ra4
71.Kc1 Ra8 72.Kb2 Kf4 73.c4 Ke5 74.Rd3 Rb8+ 75.Kc3 Ra8 76.c5 Rxa3+ 77.Kc4 Ra5
78.Kb4 Ra1 79.Kb5  1-0

[Event "ch-CHN Blitz 2016"]
[Site "Shenzhen CHN"]
[Date "2016.08.25"]
[Round "1.5"]
[White "Wei Yi"]
[Black "Guo Yu"]
[Result "1-0"]
[WhiteElo "2709"]
[BlackElo "2407"]

1.e4 e5 2.Nf3 Nc6 3.Bb5 a6 4.Ba4 Nge7 5.Bb3 h6 6.O-O d6 7.d4 Ng6 8.h3 Be7
9.Nc3 O-O 10.Nd5 Bf6 11.c3 Re8 12.Re1 Na5 13.Bc2 c6 14.Ne3 b5 15.a4 Be6 16.d5 Bd7
17.dxc6 Bxc6 18.Nd5 Nc4 19.axb5 axb5 20.Rxa8 Bxa8 21.Qd3 Bc6 22.Nb4 Qc7 23.Nxc6 Qxc6
24.g3 Ne7 25.Rd1 Rd8 26.Qe2 d5 27.exd5 Rxd5 28.Re1 Qc7 29.Qe4 Nd6 30.Qh7+ Kf8
31.Qh8+ Ng8 32.Bh7  1-0

[Event "ch-CHN Blitz 2016"]
[Site "Shenzhen CHN"]
[Date "2016.08.25"]
[Round "2.3"]
[White "Li,Di"]
[Black "Wei Yi"]
[Result "1-0"]
[WhiteElo "2426"]
[BlackElo "2709"]

1.Nf3 d5 2.g3 g6 3.Bg2 Bg7 4.O-O e5 5.d3 Ne7 6.e4 O-O 7.Nc3 d4 8.Nb1 c5 9.a4 Nbc6
10.Na3 h6 11.Nh4 g5 12.Nf3 Ng6 13.h3 Be6 14.Nh2 f6 15.Bd2 Qd7 16.Qh5 Bf7
17.Qe2 Be6 18.Qh5 Kh7 19.a5 Rad8 20.Nc4 Bf7 21.Qg4 Be6 22.Qh5 Qc7 23.Ra3 Nb4
24.Rc1 Nc6 25.Rca1 Qf7 26.Rb3 Rd7 27.Rb5 Bxc4 28.dxc4 Qxc4 29.Qg4 Re7 30.Bf1 Qxc2
31.Nf3 d3 32.b3 Qb2 33.Rc1 Nd4 34.Nxd4 exd4 35.Qd1 Re5 36.Bxd3 c4 37.bxc4 Qa3
38.Bb4 Qa2 39.Bxf8 Rxb5 40.cxb5 Nxf8 41.Qf3 Qa3 42.Rc7 Kh8 43.e5 Qxa5 44.Rf7 Qa2
45.exf6 Qxf7 46.fxg7+ Kxg7 47.Qe4 Qd7 48.h4 gxh4 49.Qe5+ Kf7 50.Bc4+ Kg6
51.Bd3+ Kf7 52.Qf4+ Kg7 53.Qe5+ Kf7 54.Kh2 Qd8 55.Bc4+ Kg6 56.Qe4+ Kg7 57.Qxb7+ Qd7
58.Qe4 Ng6 59.Bd3 Qd6 60.Kg2 Qb6 61.Qd5 Nf8 62.Bc4 Kf6 63.Qf7+ Ke5 64.Qf4+  1-0

[Event "ch-CHN Blitz 2016"]
[Site "Shenzhen CHN"]
[Date "2016.08.25"]
[Round "3.5"]
[White "Wei Yi"]
[Black "Yu Yangyi"]
[Result "1/2-1/2"]
[WhiteElo "2709"]
[BlackElo "2725"]

1.d4 Nf6 2.c4 e6 3.g3 d5 4.Bg2 Bb4+ 5.Bd2 Be7 6.Nf3 O-O 7.O-O c6 8.Qc2 Nbd7
9.Rd1 b6 10.Bf4 Bb7 11.Ne5 Nh5 12.Bc1 Nhf6 13.Bf4 Nh5 14.Bc1 Nhf6 15.Bf4 Nh5  1/2-1/2

[Event "ch-CHN Rapid 2016"]
[Site "Shenzhen CHN"]
[Date "2016.08.25"]
[Round "6.2"]
[White "Wei Yi"]
[Black "Lu Shanglei"]
[Result "0-1"]
[WhiteElo "2709"]
[BlackElo "2607"]

1.e4 c5 2.Nf3 d6 3.d4 cxd4 4.Nxd4 Nf6 5.Nc3 a6 6.Bg5 e6 7.f4 h6 8.Bh4 Qb6
9.Qd2 Qxb2 10.Rb1 Qa3 11.e5 dxe5 12.fxe5 Nfd7 13.Ne4 Qxa2 14.Rd1 Qd5 15.Qe3 Qxe5
16.Be2 Bc5 17.Bg3 Qd5 18.c4 Bxd4 19.Rxd4 Qa5+ 20.Rd2 O-O 21.Bd6 f5 22.Bxf8 Nxf8
23.Nd6 Nbd7 24.Kf2 Nc5 25.Rf1 Bd7 26.Kg1 Bc6 27.g4 Ne4 28.Nxe4 fxe4 29.Rd6 Qe5
30.Rfd1 Ng6 31.Qd4 Qxd4+ 32.R6xd4 Nf4 33.Rd8+ Rxd8 34.Rxd8+ Kf7 35.Kf2 Kf6
36.Bf1 a5 37.Ke3 g5 38.Rf8+ Ke5 39.Ra8 a4 40.Ra5+ Kd6 41.h4 b6 42.Ra7 Kc5
43.h5 e5 44.Ra6 Ne6 45.Be2 Nd4 46.Bd1 Nb3 47.Bc2 Na5 48.Bxa4 Bxa4 49.Kxe4 Bd7  0-1

[Event "ch-CHN Rapid 2016"]
[Site "Shenzhen CHN"]
[Date "2016.08.25"]
[Round "7.4"]
[White "Fang,Yan"]
[Black "Wei Yi"]
[Result "0-1"]
[WhiteElo "2429"]
[BlackElo "2709"]

1.e4 e5 2.Nf3 Nc6 3.Bb5 a6 4.Ba4 Nf6 5.O-O Bc5 6.Nc3 b5 7.Bb3 d6 8.d3 h6
9.Be3 O-O 10.a4 Rb8 11.axb5 axb5 12.h3 Bxe3 13.fxe3 Be6 14.Nd5 Bxd5 15.Bxd5 Nxd5
16.exd5 Ne7 17.e4 Ng6 18.Qd2 f5 19.Kh2 fxe4 20.dxe4 Rf4 21.Qe3 Qd7 22.Nd2 Rbf8
23.g3 Rxf1 24.Rxf1 Rxf1 25.Nxf1 Nf8 26.Kg2 Nh7 27.Nd2 Ng5 28.g4 Nh7 29.Nf3 Nf6
30.Kf2 c6 31.g5 hxg5 32.Nxg5 cxd5 33.exd5 Qf5+ 34.Ke1 Qxc2 35.Ne6 Qb1+ 36.Kd2 Qxb2+
37.Kd1 Qb1+ 38.Kd2 Qa2+  0-1

[Event "ch-CHN Rapid 2016"]
[Site "Shenzhen CHN"]
[Date "2016.08.25"]
[Round "8.3"]
[White "Wei Yi"]
[Black "Bu Xiangzhi"]
[Result "0-1"]
[WhiteElo "2709"]
[BlackElo "2715"]

1.e4 e5 2.Nf3 Nf6 3.Nxe5 d6 4.Nf3 Nxe4 5.Nc3 Nf6 6.d4 Be7 7.Bd3 O-O 8.O-O Re8
9.h3 Nbd7 10.Ne2 d5 11.Ng3 Bf8 12.Re1 Rxe1+ 13.Qxe1 c5 14.c3 cxd4 15.cxd4 Nb6
16.Ne5 g6 17.b3 Be6 18.Bg5 Be7 19.f4 Ne4 20.Bxe7 Qxe7 21.Nxe4 dxe4 22.Bxe4 Rd8
23.Qf2 f5 24.Bf3 Nd5 25.Nd3 b6 26.Re1 Qd6 27.Kh1 Kg7 28.Qe2 Bf7 29.Qe5+ Qxe5
30.dxe5 Nc3 31.Nb4 a5 32.Nc6 Re8 33.a3 Kf8 34.Nd4 Rd8 35.Nc6 Re8 36.b4 a4
37.Re3 Nd5 38.Bxd5 Bxd5 39.Na7 Bc4 40.Rc3 b5 41.Nc6 g5 42.fxg5 Kf7 43.Re3 Kg6
44.h4 f4 45.Rf3 Kf5 46.Kg1 Kg4 47.Kh2 Bd5 48.Rc3 Rc8 49.Ne7 Rxc3 50.Nxd5 Rd3
51.Nc7 Rxa3 52.Nxb5 Re3  0-1

[Event "ch-CHN Rapid 2016"]
[Site "Shenzhen CHN"]
[Date "2016.08.25"]
[Round "9.5"]
[White "Fang,Yuxiang"]
[Black "Wei Yi"]
[Result "0-1"]
[WhiteElo "2503"]
[BlackElo "2709"]

1.Nf3 d5 2.d4 Nf6 3.c4 e6 4.cxd5 exd5 5.Nc3 Bb4 6.Bg5 h6 7.Bxf6 Qxf6 8.Qb3 Qb6
9.a3 Ba5 10.Qc2 Bf5 11.Qa4+ Bd7 12.Qc2 Qd6 13.e3 c6 14.Bd3 O-O 15.O-O Be6
16.Rfc1 Nd7 17.b4 Bd8 18.b5 c5 19.dxc5 Nxc5 20.Nd4 Bf6 21.Nce2 Rac8 22.Qd2 Bg4
23.Rab1 g6 24.h3 Bd7 25.Bc2 Rfe8 26.Qb4 b6 27.a4 Bg7 28.a5 h5 29.axb6 axb6
30.Rd1 Bh6 31.Nf3 Be6 32.Ned4 Bd7 33.Ne2 Be6 34.Ned4 Bd7 35.Ne2 Bg7 36.Nfd4 Bh6
37.Nf3 Be6 38.Ned4 Bd7 39.Ne2 Rcd8 40.Ned4 Ra8 41.Nc6 Be6 42.Ncd4 Bd7 43.Nc6 Ra2
44.Rb2 Rxb2 45.Qxb2 Bxc6 46.bxc6 Qxc6 47.Rb1 Rb8 48.Qb5 Qd6 49.Nd4 Bg7 50.Qc6 Qd8
51.Nf3 Rb7 52.Nd4 Rb8 53.Nf3 Rb7 54.Nd4 Rb8 55.Nf3 Rb7 56.Nd4 Rb8 57.Nf3 Ne4
58.Bxe4 dxe4 59.Qxe4 Qd6 60.Nd4 Rc8 61.Qb7 Rc7 62.Qxb6 Rc1+  0-1

[Event "ch-CHN Blitz 2016"]
[Site "Shenzhen CHN"]
[Date "2016.08.26"]
[Round "4.8"]
[White "Lin,Yi"]
[Black "Wei Yi"]
[Result "0-1"]
[WhiteElo "2325"]
[BlackElo "2709"]

1.d4 d5 2.c4 e6 3.Nf3 c6 4.e3 Bd6 5.Bd3 f5 6.O-O Nf6 7.b3 Qe7 8.Bb2 O-O 9.Qc1 Ne4
10.Ba3 Nd7 11.Bxd6 Qxd6 12.Qa3 c5 13.Nbd2 b6 14.Rac1 Bb7 15.Qb2 Rac8 16.a3 a5
17.Rfd1 Qe7 18.Be2 f4 19.Nf1 Ndf6 20.Ne5 fxe3 21.Nxe3 Nxf2 22.Rf1 N2e4 23.Bf3 Ng5
24.cxd5 Nxf3+ 25.Rxf3 Nxd5 26.Nxd5 Bxd5 27.Rxf8+ Rxf8 28.dxc5 bxc5 29.Qc3 Qg5
30.g3 Rf5 31.Nd7 h5 32.Qxc5 Qd2 33.Rf1  0-1

[Event "ch-CHN Blitz 2016"]
[Site "Shenzhen CHN"]
[Date "2016.08.26"]
[Round "5.5"]
[White "Wei Yi"]
[Black "Fang,Yuxiang"]
[Result "1-0"]
[WhiteElo "2709"]
[BlackElo "2503"]

1.e4 e5 2.Nf3 Nc6 3.Bb5 Nb8 4.Bf1 Nc6 5.Bb5 Nf6 6.O-O Nxe4 7.d4 Nd6 8.Bxc6 dxc6
9.dxe5 Nf5 10.Qxd8+ Kxd8 11.h3 h5 12.Nc3 Ke8 13.Bf4 Be6 14.Ng5 Be7 15.Nxe6 fxe6
16.Rad1 g5 17.Bc1 g4 18.Rd3 Rd8 19.Rfd1 Kf7 20.hxg4 hxg4  1-0

[Event "ch-CHN Blitz 2016"]
[Site "Shenzhen CHN"]
[Date "2016.08.26"]
[Round "6.3"]
[White "Xu,Xiangyu"]
[Black "Wei Yi"]
[Result "0-1"]
[WhiteElo "2461"]
[BlackElo "2709"]

1.e4 g6 2.d4 Bg7 3.Nc3 d6 4.Nf3 a6 5.a4 Nf6 6.Bd3 Ng8 7.Bf1 Nf6 8.Bd3 O-O
9.h3 Nc6 10.Qe2 e5 11.dxe5 dxe5 12.O-O Nd4 13.Qd1 Qd6 14.Bg5 c6 15.Re1 h6
16.Be3 Nd7 17.Bc4 Qb4 18.Bb3 Nxb3 19.cxb3 Qe7 20.Qc2 a5 21.Rad1 Kh7 22.Nd2 Qh4
23.Nc4 Qh5 24.Rd2 Nf6 25.Nb6 Rb8 26.Bc5 Re8 27.Bd6 Be6 28.Bc7 Rf8 29.Bxb8 Rxb8
30.Nc4 Nd7 31.Nd6 Nc5 32.Nd5 Na6 33.Ne3 Nb4 34.Qc5 b6 35.Qc3 Qh4 36.Red1 h5
37.Nec4 Qg5 38.Kf1 Qf6 39.Qg3 Bh6 40.Re2 Bf4 41.Qc3 Na2 42.Qf3 Qh4 43.Kg1 Bg4
44.Qd3 Nb4 45.Qc3 Bxe2 46.Re1 Bxc4 47.Nxc4 Qe7 48.g3 Bh6 49.Qxe5 Qxe5 50.Nxe5 Kg8
51.Rd1 Bg7 52.Nc4 b5 53.Nxa5 Bxb2 54.Rd7 c5 55.Nc4 Bd4 56.a5 Ra8 57.Rb7 Nc6
58.Rxb5 Kf8 59.Kf1 Ke7 60.f4 Kd7 61.Ke2 Kc7 62.Kd3 Rd8 63.Kc2 Bf2 64.Rb6 Nxa5  0-1

[Event "ch-CHN Blitz 2016"]
[Site "Shenzhen CHN"]
[Date "2016.08.26"]
[Round "7.2"]
[White "Wei Yi"]
[Black "Wang Yue"]
[Result "1/2-1/2"]
[WhiteElo "2709"]
[BlackElo "2737"]

1.e4 e5 2.Nf3 Nf6 3.Nxe5 d6 4.Nf3 Nxe4 5.d4 d5 6.Bd3 Be7 7.O-O Nc6 8.c4 Nb4
9.cxd5 Nxd3 10.Qxd3 Qxd5 11.Re1 Bf5 12.g4 Bg6 13.Qc3 f6 14.Qxc7 O-O  1/2-1/2

[Event "ch-CHN Blitz 2016"]
[Site "Shenzhen CHN"]
[Date "2016.08.26"]
[Round "8.1"]
[White "Lu Shanglei"]
[Black "Wei Yi"]
[Result "0-1"]
[WhiteElo "2607"]
[BlackElo "2709"]

1.e4 e5 2.Bc4 Nf6 3.d3 Nc6 4.Nf3 Bc5 5.O-O d6 6.h3 a6 7.c3 Ba7 8.Bb3 h6 9.Re1 g5
10.Be3 g4 11.hxg4 Bxe3 12.Rxe3 Nxg4 13.Re1 Qf6 14.Nbd2 Bd7 15.Kf1 O-O-O 16.Ke2 Ne7
17.Rh1 Ng6 18.g3 h5 19.Qg1 h4 20.Nxh4 Nxh4 21.Rxh4 Rxh4 22.gxh4 Qxh4 23.Nf3 Qf6
24.Qg2 Rg8 25.Rg1 c6 26.Qg3 Kc7 27.Qh4 Qf4 28.Qg3 Qf6 29.Qh4 Qf4 30.Qg3 Qh6
31.Qh4 Qxh4 32.Nxh4 Rh8 33.Ng2 f5 34.f3 Nf6 35.Ne3 f4 36.Nd1 Rh2+ 37.Nf2 Nh5
38.Rg6 Ng3+ 39.Ke1 Rg2 40.Rh6 Rg1+ 41.Kd2 Rg2 42.Ke1 Rg1+ 43.Kd2 Rf1 44.Rh2 Be8
45.Be6 Kb6 46.Kc2 Bh5 47.Bg4 Bf7 48.Nh3 Bxa2 49.Ng5 Bb1+ 50.Kd2 Rg1 51.Rf2 Nf1+
52.Ke2 Ng3+ 53.Kd2 Nf1+ 54.Ke2 Ne3 55.Nf7 Rd1  0-1

[Event "ch-CHN Blitz 2016"]
[Site "Shenzhen CHN"]
[Date "2016.08.26"]
[Round "9.1"]
[White "Wei Yi"]
[Black "Bu Xiangzhi"]
[Result "1-0"]
[WhiteElo "2709"]
[BlackElo "2715"]

1.e4 e5 2.Nf3 Nc6 3.Bb5 a6 4.Ba4 Nf6 5.O-O Bc5 6.c3 b5 7.Bc2 d5 8.a4 dxe4
9.axb5 Bg4 10.bxc6 exf3 11.gxf3 Bh3 12.Re1 O-O 13.Ra5 Qd6 14.b4 Bb6 15.Raxe5 Qxc6
16.d4 Rad8 17.Bf4 g6 18.Bg3 Be6 19.Bh4 Kg7 20.Nd2 Nd7 21.R5e3 Ra8 22.Ba4 Qd5
23.Bg3 Rad8 24.Bb3 Qf5 25.Bxe6 fxe6 26.Rxe6 Rf7 27.Qe2 Nf6 28.Qxa6 Nd5 29.Qc4 Qc2
30.Ne4 Rxf3 31.Be5+ Kh6 32.Qf1 Rdf8 33.Qg2 R8f5 34.Qg4 Nxc3 35.Qh4+ Rh5 36.Qe7 Rhf5
37.Qh4+ Rh5 38.Qe7 Rxe5 39.Rxe5 Ne2+ 40.Kg2 Rf4 41.Qg5+ Kg7 42.Re7+ Kf8 43.Qe5  1-0

[Event "42nd Olympiad 2016"]
[Site "Baku AZE"]
[Date "2016.09.10"]
[Round "8.10"]
[White "Gledura,B"]
[Black "Wei Yi"]
[Result "1/2-1/2"]
[WhiteElo "2585"]
[BlackElo "2717"]

1.Nf3 d5 2.d4 Nf6 3.c4 e6 4.Nc3 c6 5.e3 Nbd7 6.Qc2 Bd6 7.Bd3 O-O 8.O-O dxc4
9.Bxc4 b5 10.Bd3 Bb7 11.Ng5 h6 12.Nge4 Be7 13.Nxf6+ Nxf6 14.Ne4 Nxe4 15.Bxe4 Qb6
16.a3 a5 17.Bd2 b4 18.Rfc1 Rfc8 19.axb4 axb4 20.Rxa8 Rxa8 21.g3 Rc8 22.Qa4 Ra8
23.Qc2 Rc8 24.Qa4 Ra8 25.Qc2 Rc8 26.Qa4  1/2-1/2

[Event "42nd Olympiad 2016"]
[Site "Baku AZE"]
[Date "2016.09.11"]
[Round "9.17"]
[White "Wei Yi"]
[Black "Thorsteinsson,S"]
[Result "1-0"]
[WhiteElo "2717"]
[BlackElo "2187"]

1.e4 c5 2.Nf3 d6 3.d4 cxd4 4.Nxd4 Nf6 5.Nc3 a6 6.Bg5 e6 7.f4 Qc7 8.Qe2 Nbd7
9.O-O-O Be7 10.g4 b5 11.a3 Bb7 12.Bh4 Nc5 13.Bg2 O-O 14.g5 Nfd7 15.f5 Rfe8
16.Rhf1 Ne5 17.f6 Bf8 18.Bg3 Rac8 19.h4 Qa5 20.Be1 Qb6 21.Kb1 Rc7 22.h5 Bc6
23.Bh3 Qb7 24.g6 hxg6 25.hxg6 Nxg6 26.e5 dxe5 27.Nxc6 Qxc6 28.Bg2 Qb6 29.b4 Nd7
30.Ne4 Nf4 31.Rxf4 exf4 32.Bf2 Qb8 33.Qg4 Rec8 34.fxg7 Bxg7 35.Rxd7 Rxc2
36.Bd4 Rc1+ 37.Ka2 R1c2+ 38.Kb3 e5 39.Nf6+ Kf8 40.Qh5 R2c3+ 41.Bxc3 Rxc3+
42.Kxc3 Qc8+ 43.Kb2 Qc4 44.Bf1  1-0

[Event "42nd Olympiad 2016"]
[Site "Baku AZE"]
[Date "2016.09.13"]
[Round "11.11"]
[White "Wei Yi"]
[Black "Nguyen,Anh Khoi"]
[Result "1-0"]
[WhiteElo "2717"]
[BlackElo "2448"]

1.e4 c5 2.Nf3 d6 3.d4 cxd4 4.Nxd4 Nf6 5.Nc3 a6 6.Be3 e6 7.Be2 Qc7 8.Qd2 b5
9.f3 Nbd7 10.a3 Ne5 11.O-O-O Be7 12.g4 Nc4 13.Bxc4 Qxc4 14.g5 Nd7 15.h4 Rb8
16.b3 Qc7 17.Nf5 exf5 18.Nd5 Qd8 19.exf5 Ne5 20.f6 gxf6 21.f4 Ng4 22.Bd4 Be6
23.Nxe7 Kxe7 24.f5 Bxf5 25.Qf4 Be6 26.Bxf6+ Nxf6 27.gxf6+ Ke8 28.Rxd6 Qc8
29.Rhd1 h5 30.Qg3 Ra8 31.Qg7 Rf8 32.b4 a5 33.bxa5  1-0

[Event "6th Chinese Master Rapid"]
[Site "Shenzhen CHN"]
[Date "2016.11.27"]
[Round "1.2"]
[White "Wei Yi"]
[Black "Zhou Jianchao"]
[Result "0-1"]
[WhiteElo "2706"]
[BlackElo "2635"]

1.e4 e5 2.Nf3 Nc6 3.Bb5 a6 4.Ba4 Nf6 5.O-O b5 6.Bb3 Bb7 7.d3 Be7 8.Nc3 d6
9.a3 O-O 10.Re1 Qd7 11.Ne2 Nd8 12.Ng3 g6 13.c3 c5 14.Ba2 Ne6 15.b4 Rac8 16.bxc5 Nxc5
17.Bh6 Rfe8 18.d4 Ne6 19.Ng5 Nxg5 20.Bxg5 Rxc3 21.Ne2 Rc7 22.Ng3 Qg4 23.Qd2 Nxe4
24.Qa5 Nxg3 25.hxg3 Rec8 26.Bxe7 Rxe7 27.dxe5 dxe5 28.Rad1 Kg7 29.Qb6 h5
30.Qd6 Rce8 31.Rc1 Qd4 32.Qb4 Qxb4 33.axb4 Rd8 34.Rc5 Rd2 35.Bb3 Rd4  0-1

[Event "6th Chinese Master Rapid"]
[Site "Shenzhen CHN"]
[Date "2016.11.27"]
[Round "2.4"]
[White "Xu,Yinglun"]
[Black "Wei Yi"]
[Result "1/2-1/2"]
[WhiteElo "2527"]
[BlackElo "2706"]

1.d4 Nf6 2.c4 g6 3.Nc3 d5 4.cxd5 Nxd5 5.Bd2 Bg7 6.e4 Nb6 7.Be3 O-O 8.h3 e5
9.dxe5 Qxd1+ 10.Rxd1 Bxe5 11.Nge2 Nc6 12.f4 Bg7 13.Kf2 Be6 14.g3 Rad8 15.Bg2 Nc4
16.b3 Nxe3 17.Kxe3 Nb4 18.e5 f6 19.exf6 Bxf6 20.Bxb7 c6 21.a3 Rb8 22.axb4 Rxb7
23.Rd6 Bxb3 24.Rxc6 Rxb4 25.Ra1 Rf7 26.Raa6 Bd8 27.Rc8 Rf8 28.Kd3 Bb6 29.Rxf8+ Kxf8
30.Ra1 Be6 31.g4 h5 32.Ra4 Rb2 33.f5 gxf5 34.Rf4 Bc8 35.Nd4 Bc7 36.Rf3 hxg4
37.hxg4 f4 38.Nd5 Bd6 39.Nxf4 Bxg4 40.Rf1 Ke8 41.Nd5 Bh3 42.Re1+ Kd8 43.Rh1 Bh2
44.Ra1 Rb7 45.Rh1 Rb2 46.Ra1 Rb7 47.Rh1 Rb2 48.Ra1 a6 49.Kc3 Rb7 50.Rh1 Bg2  1/2-1/2

[Event "6th Chinese Master Rapid"]
[Site "Shenzhen CHN"]
[Date "2016.11.27"]
[Round "3.1"]
[White "Wei Yi"]
[Black "Bu Xiangzhi"]
[Result "1/2-1/2"]
[WhiteElo "2706"]
[BlackElo "2698"]

1.e4 e5 2.Nf3 Nc6 3.Bc4 Bc5 4.d3 Nf6 5.h3 d6 6.c3 a6 7.Nbd2 O-O 8.Bb3 Ba7
9.Nf1 Ne7 10.Ng3 Ng6 11.O-O Be6 12.Bc2 c5 13.Re1 h6 14.Bd2 Qd7 15.Qc1 Rfe8
16.a4 a5 17.c4 Bb6 18.Be3 Bc7 19.Kh2 Kh7 20.Kg1 Kg8 21.Ra3 b6 22.Ra1 Kh7
23.Qd2 Kg8 24.Qc1 Kh7 25.Qd2 Kg8 26.Qc1  1/2-1/2

[Event "6th Chinese Master Rapid"]
[Site "Shenzhen CHN"]
[Date "2016.11.28"]
[Round "4.4"]
[White "Wei Yi"]
[Black "Wang Yue"]
[Result "1/2-1/2"]
[WhiteElo "2706"]
[BlackElo "2723"]

1.e4 e5 2.Nf3 Nf6 3.d4 Nxe4 4.Bd3 d5 5.Nxe5 Nd7 6.O-O Be7 7.c4 Nxe5 8.dxe5 c6
9.Bc2 Be6 10.cxd5 Qxd5 11.Qf3 Nc5 12.Qg3 Qc4 13.Nc3 Qg4 14.Qxg4 Bxg4 15.f4 g6
16.Be3 Rd8 17.f5 Bxf5 18.Bxf5 gxf5 19.Rxf5 Rd3 20.Kf2 Rg8 21.g3 b6 22.Ke2 Rd7
23.Raf1 Rg7 24.Bh6 Rg6 25.Be3 Rg7 26.Bxc5 Bxc5 27.Ne4 Be7 28.Nf6+ Bxf6 29.exf6 Rg6
30.R1f4 Rd6 31.Re5+ Kf8 32.Ref5 Ke8 33.Re5+  1/2-1/2

[Event "6th Chinese Master Rapid"]
[Site "Shenzhen CHN"]
[Date "2016.11.28"]
[Round "5.2"]
[White "Yu Yangyi"]
[Black "Wei Yi"]
[Result "1/2-1/2"]
[WhiteElo "2721"]
[BlackElo "2706"]

1.d4 Nf6 2.Bg5 e6 3.Nd2 c5 4.e3 d5 5.c3 Nc6 6.Bd3 h6 7.Bh4 Qb6 8.Rb1 cxd4
9.exd4 e5 10.Ne2 Be7 11.dxe5 Ne4 12.Bg3 Nxg3 13.hxg3 Nxe5 14.Nf3 Nxf3+ 15.gxf3 O-O
16.O-O Bh3 17.Re1 Bc5 18.Nd4 Rae8 19.Qd2 Qf6 20.Rxe8 Rxe8 21.Re1 Rxe1+ 22.Qxe1 Bd7
23.Qe3  1/2-1/2

[Event "6th Chinese Master Rapid"]
[Site "Shenzhen CHN"]
[Date "2016.11.29"]
[Round "7.3"]
[White "Lu Shanglei"]
[Black "Wei Yi"]
[Result "1/2-1/2"]
[WhiteElo "2616"]
[BlackElo "2706"]

1.e4 c5 2.Nf3 d6 3.Bb5+ Nd7 4.O-O a6 5.Bd3 Ngf6 6.Re1 e6 7.c3 b5 8.Bc2 c4
9.b3 Qc7 10.bxc4 bxc4 11.Qe2 Bb7 12.Na3 Nb6 13.Rb1 Nfd7 14.d4 cxd3 15.Bxd3 Nc5
16.Be3 Nbd7 17.Nd2 d5 18.exd5 Nxd3 19.dxe6 N7e5 20.exf7+ Kxf7 21.Nac4 Qc6
22.Nxe5+ Nxe5 23.f4 Nd7 24.Nf3 Be7 25.Nd4 Qd5 26.Rxb7 Qxb7 27.Qc4+ Ke8 28.Nf5 Rf8
29.Nxg7+ Kd8 30.Ne6+ Ke8 31.Ng7+ Kd8 32.Ne6+ Ke8  1/2-1/2

[Event "Wei Yi - Rapport Match"]
[Site "Yancheng CHN"]
[Date "2016.12.20"]
[Round "1"]
[White "Wei Yi"]
[Black "Rapport,R"]
[Result "1-0"]
[WhiteElo "2707"]
[BlackElo "2717"]

1.e4 e6 2.d4 d5 3.Nd2 b6 4.Ngf3 Nf6 5.e5 Nfd7 6.c4 c5 7.cxd5 exd5 8.Bd3 Nc6
9.O-O Be7 10.Re1 Nf8 11.Bb5 Bd7 12.dxc5 bxc5 13.Nf1 Rb8 14.Be2 Be6 15.Qa4 Qb6
16.Ne3 Nd7 17.Qf4 Qb4 18.Qg3 Nd4 19.Bd2 Nxe2+ 20.Rxe2 Qxb2 21.Rae1 g6 22.Ng4 Qxa2
23.Nf6+ Kd8 24.Ng5 Rb6 25.Bc3 Qa3 26.Nxf7+ Bxf7 27.e6 Bxe6 28.Rxe6 Rxe6 29.Rxe6 Qa2
30.Nxd7 Kxd7 31.Rxe7+ Kxe7 32.Qc7+ Ke6 33.Qc6+ Ke7 34.Qxc5+ Ke6 35.Qc6+ Ke7
36.Qb7+  1-0

[Event "Wei Yi - Rapport Match"]
[Site "Yancheng CHN"]
[Date "2016.12.21"]
[Round "2"]
[White "Rapport,R"]
[Black "Wei Yi"]
[Result "1-0"]
[WhiteElo "2717"]
[BlackElo "2707"]

1.d4 Nf6 2.Bg5 d5 3.e3 c5 4.c3 Nc6 5.Nd2 e5 6.dxe5 Nxe5 7.Ngf3 Nxf3+ 8.Nxf3 Be7
9.Bb5+ Bd7 10.Bxd7+ Qxd7 11.Ne5 Qf5 12.Qa4+ Kf8 13.Bxf6 gxf6 14.Nf3 Rg8 15.Nh4 Qe6
16.Qc2 d4 17.g3 Qd5 18.e4 Qc4 19.b3 Qxc3+ 20.Qxc3 dxc3 21.O-O-O f5 22.Nxf5 Rg6
23.Rd7 Re6 24.Rxe7 Rxe7 25.Nxe7 Kxe7 26.Kc2 Rd8 27.Kxc3 b5 28.Kc2 Rd6 29.Rd1 Rh6
30.h4 Rf6 31.Rd2 Ra6 32.Kd3 Ke6 33.Rc2 Kd6 34.g4 c4+ 35.bxc4 bxc4+ 36.Kd4 Ra4
37.Rxc4 Rxa2 38.e5+ Kd7 39.f3 Ra6 40.Rb4 Kc7 41.g5 Re6 42.Ra4 Kb6 43.f4 a5
44.f5 Re8 45.e6  1-0

[Event "Wei Yi - Rapport Match"]
[Site "Yancheng CHN"]
[Date "2016.12.22"]
[Round "3"]
[White "Wei Yi"]
[Black "Rapport,R"]
[Result "1/2-1/2"]
[WhiteElo "2707"]
[BlackElo "2717"]

1.e4 c6 2.d4 d5 3.Nd2 dxe4 4.Nxe4 Nf6 5.Nxf6+ exf6 6.c3 Bf5 7.Bd3 Bxd3 8.Qxd3 Bd6
9.Qe3+ Qe7 10.Nf3 Nd7 11.Qxe7+ Kxe7 12.Be3 Nb6 13.O-O-O Kd7 14.Rhe1 Nd5 15.Kc2 b5
16.Bc1 a5 17.g3 a4 18.a3 h5 19.h4 Rhe8 20.Rxe8 Rxe8 21.Re1 f5 22.Rxe8 Kxe8
23.b3 Nb6 24.bxa4 Nxa4 25.Kd3 Nb6 26.Nd2 Bc7 27.f4 Kd7 28.Nf1 Nc8 29.c4 Nd6
30.cxb5 cxb5 31.Bd2 Ne4 32.Be1 g6 33.Ne3 Bd6 34.Nc2 Ke6 35.Ke3 f6 36.Kd3 g5
37.hxg5 fxg5 38.fxg5 Nxg5 39.d5+ Kxd5 40.Nd4 Bxa3 41.Nxf5 Bb2 42.Ne3+ Kc6
43.Ke2 Bd4 44.g4 Bxe3 45.Kxe3 hxg4 46.Kf4 Nf3 47.Bb4 Ne5 48.Kxe5 g3 49.Be1 b4
50.Kd4  1/2-1/2